The Algorithm Design Manual 3/e

সংরক্ষণ করুন:
গ্রন্থ-পঞ্জীর বিবরন
প্রধান লেখক: Skiena
বিন্যাস: গ্রন্থ
প্রকাশিত: Springer
ট্যাগগুলো: ট্যাগ যুক্ত করুন
কোনো ট্যাগ নেই, প্রথমজন হিসাবে ট্যাগ করুন!

MARC

LEADER 00000nam a2200000Ia 4500
005 20260513122053.0
020 |a 9783030542580 
100 |a Skiena 
365 |c € 
365 |b 28.00 
942 |c BK 
245 |a The Algorithm Design Manual 3/e 
260 |b Springer 
999 |c 92  |d 92 
952 |0 0  |1 0  |4 0  |7 0  |a UNSW  |b UNSW  |d 2026-05-08  |g 59.99  |i 16697  |l 0  |p 000153  |r 2026-05-13 12:20:53  |v 59.99  |w 2026-05-13  |y BK 
952 |0 0  |1 0  |4 0  |7 0  |a UNSW  |b UNSW  |d 2026-05-08  |g 59.99  |i 16698  |l 0  |p 000157  |r 2026-05-13 12:20:53  |v 59.99  |w 2026-05-13  |y BK